<?xml version="1.0" encoding="UTF-8"?>
<collection xmlns="http://www.loc.gov/MARC21/slim">
 <record>
  <leader>02735naa a22002775a 4500</leader>
  <controlfield tag="001">1/39971</controlfield>
  <controlfield tag="008">100609s2005    ne            00110 eng  </controlfield>
  <datafield tag="020" ind1=" " ind2=" ">
   <subfield code="a">9780120883813 (electronik bk.)</subfield>
  </datafield>
  <datafield tag="035" ind1=" " ind2=" ">
   <subfield code="l">42694</subfield>
  </datafield>
  <datafield tag="040" ind1=" " ind2=" ">
   <subfield code="a">OPELS</subfield>
   <subfield code="c">OPELS</subfield>
   <subfield code="d">dOCLCG</subfield>
   <subfield code="d">GR-PeUP</subfield>
  </datafield>
  <datafield tag="041" ind1="0" ind2=" ">
   <subfield code="a">eng</subfield>
  </datafield>
  <datafield tag="100" ind1="1" ind2=" ">
   <subfield code="a">Bradl, H. B.</subfield>
   <subfield code="q">(Heike B.)</subfield>
  </datafield>
  <datafield tag="245" ind1="1" ind2="0">
   <subfield code="a">Heavy metals in the environment</subfield>
   <subfield code="h">[electronic resource] :</subfield>
   <subfield code="b">[origin, interaction and remediation] /</subfield>
   <subfield code="c">edited by H.B. Bradl.</subfield>
  </datafield>
  <datafield tag="260" ind1=" " ind2=" ">
   <subfield code="a">Amsterdam ;</subfield>
   <subfield code="b">Elsevier Academic Press,</subfield>
   <subfield code="a">Boston :</subfield>
   <subfield code="c">2005.</subfield>
  </datafield>
  <datafield tag="300" ind1=" " ind2=" ">
   <subfield code="a">Ένα html e-book.</subfield>
  </datafield>
  <datafield tag="490" ind1="1" ind2=" ">
   <subfield code="a">Interface science and technology,</subfield>
   <subfield code="x">1573-4285 ;</subfield>
  </datafield>
  <datafield tag="504" ind1=" " ind2=" ">
   <subfield code="a">Περιέχει βιβλιογραφία και ευρετήριο.</subfield>
  </datafield>
  <datafield tag="505" ind1="0" ind2=" ">
   <subfield code="a">CHAPTER 1: SOURCES AND ORIGINS OF HEAVY METALS -- 1. Introduction -- 2. Heavy Metals in Rocks and Soils -- 3. Heavy Metals in Water and Groundwater -- 4. Heavy Metals in the Atmosphere -- 5. Anthropogenic Sources of Heavy Metals &lt;P&gt; -- CHAPTER 2: INTERACTION OF HEAVY METALS -- 1. Analytical Procedures for the Detection of Heavy Metals -- 2. Biogeochemical Processes regulating Heavy Metal Mobility -- 3. Ecotoxicological Effects of Heavy Metals -- 4. Individual Behaviour of Selected Heavy Metals&lt;P&gt; -- CHAPTER 3: REMEDIATION TECHNIQUES -- 1. Introduction -- 2. Physical Remediation Techniques -- 3. Chemical Remediation Techniques -- 4. Phytoremediation of Heavy Metals.</subfield>
  </datafield>
  <datafield tag="520" ind1="0" ind2=" ">
   <subfield code="a">Excessive levels of heavy metals can be introduced into the environment, for example, by industrial waste or fertilizers. Soil represents a major sink for heavy metals ions, which can then enter the food chain via plants or leaching into groundwater. In Heavy Metal Ions in the Environment, the author looks at where heavy metals ions come from, how they interact with the environment and how they can be removed from the environment - by a process known as remediation. This book serves as a valuable addition to an increasingly important field of study, which is, at present, served by a limited number of archival texts. * Includes comprehensive coverage of heavy metal ions in the environment * Is practical and easy to read * Is suitable for students and researchers in environmental science and environmental or chemical engineering.</subfield>
  </datafield>
  <datafield tag="533" ind1=" " ind2=" ">
   <subfield code="a">Ηλεκτρονικό βιβλίο</subfield>
   <subfield code="n">Τρόπος πρόσβασης μέσω διαδικτύου.</subfield>
  </datafield>
  <datafield tag="650" ind1=" " ind2="4">
   <subfield code="a">Heavy metals</subfield>
   <subfield code="x">Environmental aspects.</subfield>
  </datafield>
  <datafield tag="655" ind1=" " ind2="4">
   <subfield code="a">Electronic books.</subfield>
  </datafield>
  <datafield tag="830" ind1=" " ind2=" ">
   <subfield code="a">Interface science and technology ;</subfield>
   <subfield code="v">6.</subfield>
  </datafield>
  <datafield tag="852" ind1=" " ind2=" ">
   <subfield code="a">INST</subfield>
   <subfield code="b">UNIPILB</subfield>
   <subfield code="c">EBOOKS</subfield>
   <subfield code="e">20100609</subfield>
   <subfield code="p">00b42694</subfield>
   <subfield code="q">00b42694</subfield>
   <subfield code="t">ONLINE</subfield>
   <subfield code="y">0</subfield>
  </datafield>
  <datafield tag="856" ind1="4" ind2="0">
   <subfield code="u">http://www.sciencedirect.com/science/publication?issn=15734285&amp;volume=6</subfield>
  </datafield>
  <datafield tag="856" ind1="4" ind2=" ">
   <subfield code="d">/webopac/covers/02/42694_9780120883813.jpg</subfield>
   <subfield code="z">(electronik bk.)</subfield>
  </datafield>
 </record>
</collection>
